Biggest World Cities Starting With B - Statistics

General Stats
  • This quiz has been taken 42 times
  • The average score is 11 of 15
Answer Stats
Population Answer % Correct
20.7m Beijing
94%
18.6m Bangkok
92%
7.8m Baghdad
86%
4.4m Boston
86%
4.7m Berlin
83%
10.5m Bogota
81%
14.3m Bengaluru
78%
15.2m Buenos Aires
78%
3.9m Brasilia
75%
5.3m Barcelona
69%
5.2m Belo Horizonte
61%
9.7m Bandung
58%
4.3m Busan
58%
4.2m Bamako
56%
3.5m Baku
25%
No matching quizzes found
Score Distribution
Percent of People with Each Score
Percentile by Number Answered
Your Score History
You have not taken this quiz